Probabilidad e inferencia estadística /
Guardado en:
| Autor Principal: | |
|---|---|
| Formato: | Libro |
| Idioma: | Spanish |
| Publicado: |
Washington, D.C. :
Programa Regional de Desarrollo Científico y Tecnológico, Departamento de Asuntos Científicos, Secretaría General de la Organización de los Estados Americanos,
1970.
|
| Series: | Colección de monografías científicas. Serie de matemática ;
monografia no. 11 |
| Materias: | |
| Etiquetas: |
Agregar Etiqueta
Sin Etiquetas, Sea el primero en etiquetar este registro!
|
| LEADER | 01365cam a22002171a 4500 | ||
|---|---|---|---|
| 001 | MAT.inmabb006319 | ||
| 008 | 781129s1970####dcu######b####000#0#spa## | ||
| 005 | 20180427171258.0 | ||
| 245 | 1 | 0 | |a Probabilidad e inferencia estadística / |c por Luis A. Santaló. |
| 260 | |a Washington, D.C. : |b Programa Regional de Desarrollo Científico y Tecnológico, Departamento de Asuntos Científicos, Secretaría General de la Organización de los Estados Americanos, |c 1970. | ||
| 300 | |a vi, 133 p. ; |c 23 cm. | ||
| 440 | 0 | |a Colección de monografías científicas. Serie de matemática ; |v monografia no. 11 | |
| 504 | |a Bibliografía: p. 131. | ||
| 505 | 0 | |a 1. La definición clásica de probabilidad y primeros ejemplos -- 2. Definición axiomática de probabilidad y primeras consecuencias -- 3. Variables aleatorias. Funciones de probabilidad -- 4. Distribución binomial. Ley de los grandes números -- 5. Distribución de Poisson -- 6. Distribución normal. Variables aleatorias continuas -- 7. La fórmula de Bayes -- 8. Estimación por punto -- 9. Estimación por intervalos de confianza. Verificación de hipótesis. | |
| 100 | 1 | |a Santaló, Luis A. |q (Luis Antonio), |d 1911-2001. | |
| 650 | 0 | |a Probabilities | |
| 650 | 0 | |a Mathematical statistics | |
| 084 | |a 60-01 (62-01) |2 msc2000 | ||
| 010 | |a 70283504 | ||
| 040 | |a DLC |c ScU |d DLC | ||
| 859 | |h 60 |i Sa232 |p A-9004 |b BIB. MATEMATICA | ||
